[Event "CRO-ch U19"]
[Site "Bjelolasica"]
[Date "2009.07.31"]
[Round "8"]
[White "Ivekovic, Josip"]
[Black "Krsnik Cohar, Ivan Vihor"]
[Result "1/2-1/2"]
[WhiteElo "2065"]
[BlackElo "1688"]
[PlyCount "112"]
[EventDate "2009.07.26"]
[EventType "swiss"]
[EventRounds "9"]
[EventCountry "CRO"]
[SourceTitle "CBM 131 Extra"]
[Source "ChessBase"]
[SourceDate "2009.09.03"]
[SourceVersion "2"]
[SourceVersionDate "2009.09.16"]
[SourceQuality "1"]

1. d4 d5 2. Bf4 Nf6 3. e3 Bg4 4. Nf3 e6 5. c4 c6 6. Nbd2 Nbd7 7. Qb3 Qb6 8. c5 Qxb3 9. axb3 a6 10. b4 Rc8 11. Nb3 Nh5 12. Ne5 Nxf4 13. exf4 Nxe5 14. fxe5 Be7 15. Bd3 Kd7 16. f4 f5 17. Kd2 h6 18. Rag1 Bh5 19. h3 Bf7 20. g4 g6 21. Ke3 Rhg8 22. Nd2 Kc7 23. Nf3 Kd7 24. h4 Rcf8 25. Rh2 Kc7 26. Rhg2 Kd7 27. Rg3 Kc7 28. h5 fxg4 29. hxg6 gxf3 30. gxf7 Rxg3 31. Rxg3 Rxf7 32. Rh3 Bf8 33. Kxf3 Kd7 34. Rg3 Rg7 35. Bg6 Ke7 36. Rg4 Rg8 37. Kg3 h5 38. Bxh5 Rxg4+ 39. Kxg4 Bh6 40. Bg6 Kd7 41. b3 Ke7 42. Bh7 Kf7 43. Bd3 Ke7 44. Kf3 Kd7 45. Bg6 Ke7 46. Bh7 Kf7 47. f5 Bd2 48. Bg6+ Ke7 49. f6+ Kf8 50. b5 axb5 51. Bh5 Bh6 52. Ke2 Bg5 53. Bg6 b4 54. Kf3 Bh6 55. Bh5 Bg5 56. Bg4 Kf7 1/2-1/2

[Event "CRO-chT U20 18th"]
[Site "Sv Filip i Jakov"]
[Date "2009.04.17"]
[Round "8"]
[White "Ivekovic, Josip"]
[Black "Mrakovcic, Karmen"]
[Result "1-0"]
[WhiteElo "2085"]
[BlackElo "1661"]
[PlyCount "121"]
[EventDate "2009.04.14"]
[EventType "team-tourn"]
[EventRounds "11"]
[EventCountry "CRO"]
[SourceTitle "CBM 129 Extra"]
[Source "ChessBase"]
[SourceDate "2009.05.05"]
[SourceVersion "2"]
[SourceVersionDate "2009.05.20"]
[SourceQuality "1"]

1. d4 Nf6 2. Bf4 d6 3. e3 g6 4. Nf3 Bg7 5. c3 Nbd7 6. Bc4 0-0 7. h3 Qe8 8. 0-0 e5 9. Bh2 Kh8 10. Qb3 h6 11. dxe5 Nxe5 12. Be2 b6 13. Nbd2 Be6 14. Qc2 Nxf3+ 15. Bxf3 Bf5 16. e4 Be6 17. e5 Nd5 18. exd6 cxd6 19. Bxd6 Rg8 20. Rfe1 Qd7 21. Be5 Rac8 22. Bxg7+ Kxg7 23. Nb3 Nb4 24. Qd1 Qxd1 25. Rexd1 Nc6 26. Bxc6 Rxc6 27. Nd4 Rc7 28. Rd2 Re8 29. Rad1 a6 30. a3 b5 31. Re1 Bd7 32. Rxe8 Bxe8 33. f4 Kf6 34. Kf2 Re7 35. Re2 Rxe2+ 36. Kxe2 g5 37. Ke3 Bd7 38. b4 Bc8 39. Nf3 Bb7 40. fxg5+ hxg5 41. g3 Kf5 42. Nd4+ Ke5 43. h4 gxh4 44. gxh4 Kf6 45. Kf4 Kg6 46. Nb3 Kh5 47. Kf5 Kxh4 48. Nc5 Bc8+ 49. Kf6 Kg4 50. Kxf7 Kf4 51. Ke7 Ke3 52. Kd8 Bh3 53. Kc7 Kd2 54. Ne4+ Kc2 55. Kb6 Kb3 56. Kxa6 Bg2 57. Nd6 Kxa3 58. Kxb5 Bf1+ 59. c4 Kb3 60. Kc5 Ka4 61. b5 1-0

[Event "CRO-chT3"]
[Site "Zagreb"]
[Date "2009.03.15"]
[Round "2"]
[White "Krklec, Josip"]
[Black "Ivekovic, Josip"]
[Result "1-0"]
[WhiteElo "2155"]
[BlackElo "2085"]
[PlyCount "53"]
[EventDate "2009.03.08"]
[EventType "team-tourn"]
[EventRounds "9"]
[EventCountry "CRO"]
[SourceTitle "EXT 2011"]
[Source "ChessBase"]
[SourceDate "2010.11.26"]
[SourceVersion "1"]
[SourceVersionDate "2010.11.26"]
[SourceQuality "1"]

1. Nf3 Nf6 2. d4 g6 3. Bg5 Bg7 4. Nbd2 0-0 5. e4 d6 6. Bd3 Nfd7 7. 0-0 Qe8 8. c3 e5 9. Re1 Nc6 10. dxe5 Ndxe5 11. Bb5 a6 12. Bf1 Be6 13. Nd4 h6 14. Bf4 Bd7 15. Nc4 g5 16. Bg3 Qc8 17. Ne3 Ng4 18. Nd5 Nf6 19. Nxc6 Nxd5 20. Nd4 Ne7 21. h4 f6 22. Bc4+ Kh7 23. Qc2 Ng6 24. e5 fxe5 25. h5 exd4 26. Qxg6+ Kh8 27. Re7 1-0

[Event "CRO-ch U19"]
[Site "Bjelolasica"]
[Date "2008.07.23"]
[Round "6"]
[White "Saric, Ivan"]
[Black "Ivekovic, Josip"]
[Result "1-0"]
[WhiteElo "2511"]
[BlackElo "2060"]
[PlyCount "33"]
[EventDate "2008.07.20"]
[EventType "swiss"]
[EventRounds "9"]
[EventCountry "CRO"]
[SourceTitle "CBM 125 Extra"]
[Source "ChessBase"]
[SourceDate "2008.09.01"]
[SourceVersion "1"]
[SourceVersionDate "2008.09.01"]
[SourceQuality "1"]

1. e4 e6 2. d4 d5 3. Nc3 Bb4 4. e5 Ne7 5. a3 Bxc3+ 6. bxc3 c5 7. Qg4 0-0 8. Bd3 Qa5 9. Bd2 Qa4 10. Qh5 Ng6 11. Nf3 c4 12. Ng5 h6 13. Nxf7 Rxf7 14. Bxg6 Rf8 15. g4 Bd7 16. g5 hxg5 17. Qh7# 1-0

[Event "SVK-ch op-B"]
[Site "Zvolen"]
[Date "2008.07.07"]
[Round "2"]
[White "Ivekovic, Josip"]
[Black "Vlha, Matej"]
[Result "1/2-1/2"]
[WhiteElo "2060"]
[BlackElo "1748"]
[PlyCount "50"]
[EventDate "2008.07.06"]
[EventType "swiss"]
[EventRounds "9"]
[EventCountry "SVK"]
[SourceTitle "EXT 2009"]
[Source "ChessBase"]
[SourceDate "2008.11.26"]
[SourceVersion "1"]
[SourceVersionDate "2008.11.26"]
[SourceQuality "1"]

1. d4 d5 2. Bf4 c5 3. e3 Nc6 4. c3 Qb6 5. Qb3 c4 6. Qxb6 axb6 7. Nf3 Nf6 8. Ne5 Nxe5 9. Bxe5 Bf5 10. Nd2 b5 11. a3 e6 12. Rc1 Nd7 13. Bf4 f6 14. Nf3 g5 15. Bg3 Be7 16. Be2 Nb6 17. Rd1 Kd7 18. Rd2 h5 19. h3 Be4 20. 0-0 Bd6 21. Bxd6 Kxd6 22. Rfd1 Rag8 23. Ne1 g4 24. h4 Kc6 25. g3 Rh7 1/2-1/2

[Event "CRO-chT U20 17th"]
[Site "Sv Filip i Jakov"]
[Date "2008.03.29"]
[Round "10"]
[White "Kraljevic, Roko"]
[Black "Ivekovic, Josip"]
[Result "1/2-1/2"]
[WhiteElo "1821"]
[BlackElo "2089"]
[PlyCount "94"]
[EventDate "2008.03.25"]
[EventType "team-tourn"]
[EventRounds "11"]
[EventCountry "CRO"]
[SourceTitle "EXT 2010"]
[Source "ChessBase"]
[SourceDate "2010.11.25"]
[SourceVersion "1"]
[SourceVersionDate "2010.11.25"]
[SourceQuality "1"]

1. f4 Nf6 2. Nc3 d5 3. e3 c5 4. Bb5+ Nc6 5. Nf3 Bf5 6. 0-0 a6 7. Bxc6+ bxc6 8. b3 h5 9. Nh4 Bg4 10. Qe1 g6 11. h3 Bc8 12. Bb2 Rg8 13. Nf3 a5 14. Na4 e6 15. Qh4 Nd7 16. Qf2 Ba6 17. Rfe1 c4 18. Ne5 Nxe5 19. Bxe5 Be7 20. Bd4 Bb5 21. Nc3 Ba6 22. e4 Rc8 23. Bb6 Bh4 24. Qd4 Qe7 25. Bc5 Qc7 26. Re3 cxb3 27. axb3 Qxf4 28. Rf3 Qc7 29. exd5 cxd5 30. Bb6 Qb7 31. Bxa5 Be7 32. Qa4+ Kf8 33. b4 d4 34. b5 dxc3 35. bxa6 Qxa6 36. Bxc3 Qxa4 37. Rxa4 f5 38. Ra6 Kf7 39. Re3 Rge8 40. Kh1 Bg5 41. Rd3 Rc7 42. Rad6 f4 43. Rd7+ Rxd7 44. Rxd7+ Re7 45. Rxe7+ Kxe7 46. Kg1 Kd6 47. Kf2 Kd5 1/2-1/2

[Event "CRO-chT U20 17th"]
[Site "Sv Filip i Jakov"]
[Date "2008.03.25"]
[Round "2"]
[White "Sucic, Mihael"]
[Black "Ivekovic, Josip"]
[Result "0-1"]
[WhiteElo "1960"]
[BlackElo "2089"]
[PlyCount "156"]
[EventDate "2008.03.25"]
[EventType "team-tourn"]
[EventRounds "11"]
[EventCountry "CRO"]
[SourceTitle "EXT 2010"]
[Source "ChessBase"]
[SourceDate "2010.11.25"]
[SourceVersion "1"]
[SourceVersionDate "2010.11.25"]
[SourceQuality "1"]

1. d4 Nf6 2. c4 g6 3. Nc3 Bg7 4. e4 d6 5. f4 0-0 6. Nf3 Nfd7 7. Be2 e5 8. fxe5 dxe5 9. d5 f5 10. Be3 Qe7 11. 0-0 a5 12. a3 Na6 13. Qc2 Ndc5 14. Rad1 Rd8 15. Nd2 b6 16. Nb3 Nxb3 17. Qxb3 Nc5 18. Qc2 h6 19. Bf3 f4 20. Bf2 a4 21. Kh1 Qe8 22. Na2 Bf8 23. Nb4 Bd6 24. Nc6 Rd7 25. Bg4 Rg7 26. Bxc8 Qxc8 27. Be1 Qe8 28. Bc3 g5 29. Qe2 g4 30. Rde1 Rg5 31. g3 f3 32. Qe3 Qh5 33. h4 Rg7 34. Rf2 Rf7 35. Kg1 Nb3 36. Bb4 Nc5 37. Bc3 Rf6 38. Rd1 Rff8 39. Re1 Rfe8 40. Bb4 Kg7 41. Rd1 Qg6 42. Re1 h5 43. Bc3 Qh6 44. Qxh6+ Kxh6 45. Rd2 Kg6 46. Bb4 Rf8 47. Kf2 Rad8 48. Rdd1 Kf6 49. Rd2 Na6 50. Rdd1 Nb8 51. Na7 Rd7 52. Nb5 Bxb4 53. axb4 Na6 54. Nc3 Nxb4 55. Nxa4 Ra8 56. Nc3 Ra7 57. Kg1 Nc2 58. Rf1 Ne3 59. Ra1 Rxa1 60. Rxa1 Nxc4 61. b4 Ke7 62. Kf2 Rd8 63. Ra7 Kd7 64. Nb5 Rc8 65. Ra2 Nd6 66. Nc3 Re8 67. Ra7 Kc8 68. Ke3 Kb8 69. Ra2 Kb7 70. Nd1 Ra8 71. Rxa8 Kxa8 72. Nb2 Kb7 73. Nd3 Nc4+ 74. Kf2 Kc8 75. Nc1 Kd7 76. Nd3 Kd6 77. Nc1 Nd2 78. Ke3 Nxe4 0-1

[Event "CRO-ch U17"]
[Site "Bjelolasica"]
[Date "2007.08.04"]
[Round "8"]
[White "Havas, Janko"]
[Black "Ivekovic, Josip"]
[Result "0-1"]
[WhiteElo "1875"]
[BlackElo "2053"]
[PlyCount "120"]
[EventDate "2007.07.30"]
[EventType "swiss"]
[EventRounds "9"]
[EventCountry "CRO"]
[SourceTitle "CBM 119 Extra"]
[Source "ChessBase"]
[SourceDate "2007.09.04"]
[SourceVersion "1"]
[SourceVersionDate "2007.09.04"]
[SourceQuality "1"]

1. d4 Nf6 2. c4 g6 3. Nc3 Bg7 4. e4 d6 5. f3 0-0 6. Be3 e5 7. d5 Ne8 8. Qd2 f5 9. 0-0-0 Nf6 10. Bd3 fxe4 11. Nxe4 Nbd7 12. Ne2 Nxe4 13. Bxe4 Nf6 14. Bc2 Bd7 15. Nc3 Qe7 16. Kb1 a6 17. Ne4 b6 18. Rc1 Rab8 19. h4 Nh5 20. Bb3 Kh8 21. Ka1 Bf5 22. Bg5 Qe8 23. Bc2 Rf7 24. Rhe1 Bxe4 25. Bxe4 Bf6 26. Bxf6+ Rxf6 27. Qg5 Qe7 28. Rc2 Rf7 29. Qxe7 Rxe7 30. Kb1 Rf7 31. Rh1 Kg7 32. Rh3 Rbf8 33. Kc1 Nf6 34. Bd3 a5 35. Kd2 Nd7 36. b3 Nc5 37. Ke3 Rf4 38. Re2 Kh6 39. g4 Nxd3 40. Kxd3 Rxf3+ 41. Rxf3 Rxf3+ 42. Re3 Rf1 43. Kc3 Rg1 44. Re4 Rh1 45. c5 Rh3+ 46. Kc4 dxc5 47. Rxe5 Rxh4 48. Re4 Kg5 49. Kb5 h5 50. Kc6 hxg4 51. Kxc7 Rh7+ 52. Kc6 g3 53. Re1 Kf4 54. d6 g2 55. Re7 Rh1 56. Rf7+ Kg5 57. d7 Rd1 58. Rf8 g1Q 59. d8Q+ Rxd8 60. Rxd8 Qg2+ 0-1

[Event "CRO-ch U17"]
[Site "Bjelolasica"]
[Date "2007.08.03"]
[Round "7"]
[White "Ivekovic, Josip"]
[Black "Stocko, Josip"]
[Result "1-0"]
[WhiteElo "2053"]
[BlackElo "1874"]
[PlyCount "157"]
[EventDate "2007.07.30"]
[EventType "swiss"]
[EventRounds "9"]
[EventCountry "CRO"]
[SourceTitle "CBM 119 Extra"]
[Source "ChessBase"]
[SourceDate "2007.09.04"]
[SourceVersion "1"]
[SourceVersionDate "2007.09.04"]
[SourceQuality "1"]

1. d4 Nf6 2. Bf4 d5 3. e3 Bf5 4. Nf3 e6 5. Nbd2 Be7 6. Ne5 Nbd7 7. h3 h6 8. c4 c6 9. c5 0-0 10. Be2 Nxe5 11. Bxe5 Nd7 12. Bg3 b6 13. b4 a5 14. a3 Re8 15. Nf3 Bf6 16. 0-0 axb4 17. axb4 Rxa1 18. Qxa1 bxc5 19. bxc5 Nxc5 20. Qc3 Ne4 21. Qxc6 Nxg3 22. fxg3 Qc8 23. Rc1 Qxc6 24. Rxc6 Rb8 25. Rc3 Rb1+ 26. Kf2 Rb2 27. g4 Be4 28. Ng1 Rb1 29. g3 Kh7 30. Bd3 Rb2+ 31. Ne2 Bxd3 32. Rxd3 Be7 33. Kf3 Bb4 34. Rd1 Bd6 35. h4 g6 36. Ng1 Kg7 37. Nh3 Bc7 38. Nf2 Rb3 39. Nd3 Bb6 40. h5 Ra3 41. Ne5 Bc7 42. Nd3 g5 43. Nf2 Bb6 44. Rd3 Ra2 45. Nd1 Ba5 46. e4 dxe4+ 47. Kxe4 Rg2 48. Kf3 Ra2 49. d5 exd5 50. Ne3 Bb6 51. Nf5+ Kh7 52. Rxd5 Rf2+ 53. Ke4 Re2+ 54. Kd3 Re6 55. Rd6 Bf2 56. Rd7 Kg8 57. Rd8+ Kh7 58. Rf8 Rf6 59. Kc4 Rc6+ 60. Kd5 Rc7 61. Rd8 Rc3 62. Rd6 Rd3+ 63. Ke4 Rxd6 64. Nxd6 Bxg3 65. Nxf7 Kg7 66. Ne5 Kf6 67. Nc4 Bf4 68. Kd5 Ke7 69. Na5 Bc7 70. Nc6+ Kd7 71. Nd4 Bb6 72. Nf5 Bf2 73. Ke5 Be1 74. Kf6 Bd2 75. Nxh6 Ke8 76. Nf7 Kf8 77. Nxg5 Be3 78. Kg6 Kg8 79. h6 1-0

[Event "CRO-ch U17"]
[Site "Bjelolasica"]
[Date "2007.08.01"]
[Round "4"]
[White "Novak, Ivan2"]
[Black "Ivekovic, Josip"]
[Result "0-1"]
[WhiteElo "2041"]
[BlackElo "2053"]
[PlyCount "82"]
[EventDate "2007.07.30"]
[EventType "swiss"]
[EventRounds "9"]
[EventCountry "CRO"]
[SourceTitle "CBM 119 Extra"]
[Source "ChessBase"]
[SourceDate "2007.09.04"]
[SourceVersion "1"]
[SourceVersionDate "2007.09.04"]
[SourceQuality "1"]

1. e4 e6 2. d4 d5 3. Nd2 Nf6 4. e5 Nfd7 5. Bd3 c5 6. c3 Nc6 7. Ne2 Be7 8. 0-0 f6 9. exf6 Bxf6 10. Nf3 cxd4 11. cxd4 0-0 12. Be3 e5 13. dxe5 Ndxe5 14. Nxe5 Bxe5 15. Qd2 Qh4 16. f4 Bc7 17. Rad1 Rf6 18. Bf2 Qg4 19. Bg3 Ba5 20. Qc2 Rh6 21. f5 Bb6+ 22. Bf2 Qh5 23. h3 Bc7 24. Be3 Rf6 25. Qb3 Ne7 26. Nd4 Qh4 27. Nf3 Qg3 28. Bg5 Rb6 29. Qc2 Rc6 30. Qd2 Nxf5 31. Bb5 Rc5 32. Qe2 Nd6 33. Bd3 Bxh3 34. Be3 Ra5 35. Ng5 Ne4 36. Bxe4 Qh2+ 37. Kf2 Bg3+ 38. Kf3 Rf8+ 39. Bf4 Bg4+ 40. Ke3 Bxf4+ 41. Kd3 Bxe2+ 0-1

[Event "CRO-ch U17"]
[Site "Bjelolasica"]
[Date "2007.07.31"]
[Round "3"]
[White "Ivekovic, Josip"]
[Black "Kraljevic, Roko"]
[Result "1-0"]
[WhiteElo "2053"]
[BlackElo "1739"]
[PlyCount "109"]
[EventDate "2007.07.30"]
[EventType "swiss"]
[EventRounds "9"]
[EventCountry "CRO"]
[SourceTitle "CBM 119 Extra"]
[Source "ChessBase"]
[SourceDate "2007.09.04"]
[SourceVersion "1"]
[SourceVersionDate "2007.09.04"]
[SourceQuality "1"]

1. d4 d5 2. Bf4 e6 3. Nf3 Nf6 4. e3 c5 5. c3 Nc6 6. Nbd2 Bd6 7. Bxd6 Qxd6 8. Bd3 0-0 9. 0-0 e5 10. dxe5 Nxe5 11. Nxe5 Qxe5 12. Nf3 Qh5 13. h3 b6 14. Be2 Qf5 15. Qb3 Bb7 16. Rfd1 Rfd8 17. Qa4 Qe6 18. Qh4 Ne4 19. Bd3 h6 20. Bxe4 Qxe4 21. Rd2 Qg6 22. Rad1 Re8 23. Qf4 Re6 24. Qc7 Bc6 25. Ne5 Qf6 26. Nxc6 Rxc6 27. Qb7 Rcc8 28. Qxd5 Re8 29. e4 Rab8 30. f3 Qf4 31. Qd6 Qe3+ 32. Kh2 Ra8 33. Rd3 Qg5 34. Qg3 Qf6 35. Rd6 Re6 36. a3 Rae8 37. Rxe6 Rxe6 38. Qb8+ Kh7 39. Qxa7 Qf4+ 40. Kh1 Rd6 41. Rxd6 Qc1+ 42. Kh2 Qf4+ 43. Kg1 Qxd6 44. Qxf7 Qd1+ 45. Kh2 Qd6+ 46. f4 Qd2 47. b3 Qxc3 48. a4 Qb4 49. e5 b5 50. axb5 Qxb5 51. e6 Qxb3 52. Qf5+ Kg8 53. e7 Qf7 54. Qc8+ Kh7 55. Qf8 1-0

[Event "CRO-chT U20 16th"]
[Site "Sv Filip i Jakov"]
[Date "2007.04.15"]
[Round "11"]
[White "Ivekovic, Josip"]
[Black "Vucic, Mihovil"]
[Result "1-0"]
[WhiteElo "2032"]
[BlackElo "1911"]
[PlyCount "89"]
[EventDate "2007.04.10"]
[EventType "team-tourn"]
[EventRounds "11"]
[EventCountry "CRO"]
[SourceTitle "EXT 2010"]
[Source "ChessBase"]
[SourceDate "2010.11.25"]
[SourceVersion "1"]
[SourceVersionDate "2010.11.25"]
[SourceQuality "1"]

1. d4 d5 2. Bf4 Nf6 3. Nf3 e6 4. e3 Nbd7 5. Nbd2 c5 6. c3 Be7 7. Bd3 0-0 8. Ne5 c4 9. Bc2 b5 10. e4 Bb7 11. Nxd7 Nxd7 12. e5 f5 13. g4 g5 14. gxf5 exf5 15. Rg1 Kh8 16. Be3 h6 17. Qh5 Kh7 18. Nf3 Qe8 19. Nxg5+ Bxg5 20. Rxg5 Qxh5 21. Rxh5 Kg6 22. Rxh6+ Kg7 23. Bf4 Rh8 24. Rxh8 Rxh8 25. Bxf5 Nb6 26. Bg3 Rf8 27. Bg4 Na4 28. Rb1 a5 29. f4 b4 30. f5 Bc8 31. f6+ Kf7 32. Bxc8 Rxc8 33. Kd2 Rh8 34. e6+ Kxe6 35. Be5 Rh3 36. Rf1 bxc3+ 37. bxc3 Rd3+ 38. Kc2 Rxc3+ 39. Kb1 Kf7 40. Rg1 Re3 41. Rg7+ Ke6 42. Re7+ Kf5 43. f7 Re2 44. f8Q+ Ke4 45. Bg7+ 1-0

[Event "CRO-chT U20 16th"]
[Site "Sv Filip i Jakov"]
[Date "2007.04.14"]
[Round "9"]
[White "Ivekovic, Josip"]
[Black "Petrusic, Branimir"]
[Result "1-0"]
[WhiteElo "2032"]
[BlackElo "1920"]
[PlyCount "75"]
[EventDate "2007.04.10"]
[EventType "team-tourn"]
[EventRounds "11"]
[EventCountry "CRO"]
[SourceTitle "EXT 2010"]
[Source "ChessBase"]
[SourceDate "2010.11.25"]
[SourceVersion "1"]
[SourceVersionDate "2010.11.25"]
[SourceQuality "1"]

1. d4 d5 2. Bf4 Bf5 3. Nf3 e6 4. e3 Bd6 5. Bg3 Ne7 6. Nbd2 Nd7 7. c4 Nf6 8. c5 Bxg3 9. hxg3 c6 10. Ne5 Nd7 11. g4 Bg6 12. Nxg6 Nxg6 13. Bd3 e5 14. Qc2 exd4 15. exd4 Qe7+ 16. Kf1 0-0-0 17. Re1 Qf6 18. Nf3 h6 19. Qa4 Nf4 20. Bf5 Kb8 21. Re3 Ka8 22. Ra3 a6 23. Qb4 Qe7 24. Re3 Ne6 25. Rb3 Rb8 26. Qa5 Rhc8 27. Bd3 Nc7 28. g3 Nf6 29. Kg2 Ne4 30. Re1 f6 31. Nh4 Qd7 32. f3 Ng5 33. Nf5 Re8 34. Rxe8 Rxe8 35. Nd6 Rb8 36. Qb6 Nb5 37. Bxb5 cxb5 38. Nxb5 1-0

[Event "CRO-ch U20"]
[Site "Bjelolasica"]
[Date "2005.08.17"]
[Round "5"]
[White "Plenca, Julian"]
[Black "Ivekovic, Josip"]
[Result "1-0"]
[WhiteElo "2160"]
[BlackElo "2047"]
[PlyCount "27"]
[EventDate "2005.08.13"]
[EventType "swiss"]
[EventRounds "9"]
[EventCountry "CRO"]
[SourceTitle "EXT 2006"]
[Source "ChessBase"]
[SourceDate "2005.11.24"]
[SourceVersion "1"]
[SourceVersionDate "2005.11.24"]
[SourceQuality "1"]

1. e4 e6 2. d4 d5 3. Nd2 Nf6 4. e5 Nfd7 5. Bd3 c5 6. c3 Nc6 7. Ndf3 a6 8. Nh3 b5 9. 0-0 Be7 10. Nhg5 Bxg5 11. Nxg5 h6 12. Qh5 0-0 13. Nh7 Re8 14. Bxh6 1-0

[Event "Agneaux St Lo op"]
[Site "Agneaux"]
[Date "2005.07.14"]
[Round "7"]
[White "Barbet, Loic"]
[Black "Ivekovic, Josip"]
[Result "1-0"]
[WhiteElo "2027"]
[BlackElo "1947"]
[PlyCount "101"]
[EventDate "2005.07.08"]
[EventType "swiss"]
[EventRounds "9"]
[EventCountry "FRA"]
[SourceTitle "CBM 107 Extra"]
[Source "ChessBase"]
[SourceDate "2005.09.01"]
[SourceVersion "1"]
[SourceVersionDate "2005.09.01"]
[SourceQuality "1"]

1. e4 e6 2. d4 d5 3. Nc3 Bb4 4. e5 Ne7 5. a3 Bxc3+ 6. bxc3 c5 7. Nf3 Nbc6 8. Bd3 c4 9. Be2 Bd7 10. 0-0 h6 11. h3 Nf5 12. Nh2 Qb6 13. g4 Nfe7 14. f4 0-0-0 15. Be3 Qc7 16. Qe1 Rdg8 17. Qg3 Rh7 18. Kh1 g6 19. Nf3 Rhh8 20. Kg2 Qd8 21. Rh1 Qf8 22. Qh4 h5 23. Qf6 Be8 24. Kf2 Rh6 25. Qg5 hxg4 26. hxg4 Rxh1 27. Rxh1 Rh8 28. Rxh8 Qxh8 29. Nh4 Bd7 30. Bf3 Qf8 31. Bc1 Nd8 32. f5 gxf5 33. gxf5 Nxf5 34. Nxf5 exf5 35. Bxd5 Qh8 36. Bxc4 Qh2+ 37. Qg2 Qxg2+ 38. Kxg2 Ba4 39. Bd3 Bd7 40. Kf3 Kc7 41. d5 Kb6 42. Be3+ Kc7 43. Bg5 b6 44. Bxd8+ Kxd8 45. Kf4 Ke7 46. Bxf5 Bb5 47. Bd3 Bd7 48. c4 a5 49. Ke4 f6 50. exf6+ Kxf6 51. Kd4 1-0